Manual de prevención de riesgos en el uso de plaguicidas

Saved in:
書目詳細資料
企業作者: ACHS (Author)
格式: 圖書
語言:西班牙语
出版: Santiago Atelier 1994
版:5a. ed
主題:
標簽: 添加標簽
沒有標簽, 成為第一個標記此記錄!

MARC

LEADER 00000nam a2200000 a 4500
001 UCQ0149
003 CL-VaPUC
008 980619e19940000CL |||||||||||||||||spa|d
082 0 4 |a 632  |b ACH  |2 21 
110 2 |a ACHS  |e author  |9 413183 
245 1 0 |a Manual de prevención de riesgos en el uso de plaguicidas 
250 |a 5a. ed 
300 |a 75 p 
942 |c BK 
945 |d 19980619 00:00:00  |a mvenant 
260 |a Santiago  |b Atelier  |c 1994 
650 0 |a Plaguicidas  |9 259645 
650 0 |a Prevención de riesgos   |9 387495 
650 0 |a Manuales  |9 257144 
650 0 |a Control de plagas  |9 327373 
651 7 |a CHILE  |2 CL-VaPUC  |9 413184 
583 |a last modification  |c 19980619 00:00:00  |k Rodrigo Vera 
999 |c 271292  |d 271290